00365nam a2200133Ia 4500008004100000041001200041082001600053100001600069245006900085260003300154300000800187650001800195700001800213221030s9999 xx 000 0 und d aEnglish a105.23bSin aB. P. Singh 0aManagement - Concepts & Practicescby B. P. Singh, T. N. Chhabra bDhanpat Rai PubaDelhic2002 a516 aBE Management aT. N. Chhabra